| 000 | 00485nam a22001697a 4500 | ||
|---|---|---|---|
| 003 | SGT | ||
| 020 | _a8180450538 | ||
| 082 | _a530,SAN | ||
| 100 | _aSANON,GEETA | ||
| 245 | _aB.Sc. PRACTICAL PHYSICS | ||
| 250 | _a6TH | ||
| 260 |
_aNEW DELHI _bR. CHAND & CO. _c2015 |
||
| 300 | _a714 | ||
| 650 | _aPHYSICS | ||
| 653 | _aMECHANICS AND PROPERTIES OF MATTER, HEAT,OPTICS,SOUND,MAGNETISM, ELECTRICITY,ATOMIC AND NUCLEAR PHYSICS, SOLID STATE PHYSICS AND ELECTRONICS, | ||
| 942 |
_2ddc _cFPS |
||
| 999 |
_c9450 _d9450 |
||